| 000 | 00784 a2200277 4500 | ||
|---|---|---|---|
| 001 | 71323 | ||
| 003 | TR-AnTOB | ||
| 005 | 20240925073653.0 | ||
| 008 | 080724s1985 tu 00001 tur | ||
| 040 |
_aTR-AnTOB _cTR-AnTOB |
||
| 041 | _atur | ||
| 050 |
_aPL248.A477 _bI35 1985 |
||
| 090 | _aPL248.A477 I35 1985 | ||
| 100 |
_aAltan, Çetin, _d1927- _947556 |
||
| 245 | 0 |
_a2027 yılının anıları / _cÇetin Altan. |
|
| 246 | 3 | _aİkibinyirmiyedi yılının hatıraları. | |
| 264 | 1 |
_aİstanbul: _bÖzgür Yayın Dağıtım, _c1985. |
|
| 300 |
_a192 s.; _c20 cm. |
||
| 590 |
_aSn.Celil Güngör tarafından _cbağışlanmıştır. |
||
| 650 | 7 |
_aTürk romanı _2etuturkob _99421 |
|
| 902 | _a0024563 | ||
| 903 | _aMerkez Kütüphane | ||
| 942 |
_cBK _2lcc |
||
| 945 | _aAY. BS | ||
| 999 |
_c71323 _d19715 |
||